|
|
|
|
| LEADER |
01358nam a2200349 a 4500 |
| 001 |
EBC351493 |
| 003 |
MiAaPQ |
| 005 |
20200520144314.0 |
| 006 |
m o d | |
| 007 |
cr cn||||||||| |
| 008 |
071005s2007 enk s 001 0 eng |
| 010 |
|
|
|z 2007041621
|
| 020 |
|
|
|z 9780470723951 (cloth : alk. paper)
|
| 020 |
|
|
|z 0470723955 (cloth : alk. paper)
|
| 035 |
|
|
|a (MiAaPQ)EBC351493
|
| 035 |
|
|
|a (Au-PeEL)EBL351493
|
| 035 |
|
|
|a (CaPaEBR)ebr10236617
|
| 035 |
|
|
|a (CaONFJC)MIL131990
|
| 035 |
|
|
|a (OCoLC)252918060
|
| 040 |
|
|
|a MiAaPQ
|c MiAaPQ
|d MiAaPQ
|
| 050 |
|
4 |
|a HD60
|b .A22 2007
|
| 082 |
0 |
4 |
|a 658.4/08
|2 22
|
| 245 |
0 |
4 |
|a The A to Z of corporate social responsibility
|h [electronic resource] :
|b a complete reference guide to concepts, codes and organisations /
|c edited by Wayne Visser ... [et al.].
|
| 260 |
|
|
|a Chichester, England ;
|a Hoboken, NJ :
|b John Wiley & Sons,
|c c2007.
|
| 300 |
|
|
|a xxxvii, 535 p.
|
| 500 |
|
|
|a Includes index.
|
| 533 |
|
|
|a Electronic reproduction. Ann Arbor, MI : ProQuest, 2015. Available via World Wide Web. Access may be limited to ProQuest affiliated libraries.
|
| 650 |
|
0 |
|a Social responsibility of business.
|
| 655 |
|
4 |
|a Electronic books.
|
| 700 |
1 |
|
|a Visser, Wayne.
|
| 710 |
2 |
|
|a ProQuest (Firm)
|
| 856 |
4 |
0 |
|u https://ebookcentral.proquest.com/lib/matrademy/detail.action?docID=351493
|z Click to View
|